Normal view
MARC view
Entry Personal Name
001 - CONTROL NUMBER
- control field: 19502
003 - CONTROL NUMBER IDENTIFIER
- control field: ARRUPE
005 - DATE AND TIME OF LATEST TRANSACTION
- control field: 20150908141650.0
008 - FIXED-LENGTH DATA ELEMENTS
- fixed length control field: 150908|| aca||aabn | a|a d
040 ## - CATALOGING SOURCE
- Original cataloging agency: ARRUPE
- Transcribing agency: ARRUPE
100 ## - HEADING--PERSONAL NAME
- Personal name: Brillouin, Léon,
- Dates associated with a name: 1889-1969.
670 ## - SOURCE DATA FOUND
- Source citation: Work cat.: (ARRUPE)0: Brillouin, Léon, 1889-1969., Science and information theory., 1956.